000 00644nam a2200205Ia 4500
005 20250508162638.0
008 008 250505s9999 xx 000 0 eng d
020 _a81-7001-026-8
037 _aTextual
040 _aFEDL
_beng
_cFEDL
041 _aeng
_2eng
084 _a329, BRA
_qFEDL
100 _aBrass Paul R. Ed.
245 0 _aIndian national congress and Indian society, 1885-1985 : Ideology, social structure and political dominance
260 _aDelhi, India
_bChanakya publications
_c1987
300 _a480p.
700 _a Robinson Francis Ed.
_9773682
942 _cTEXL
_h329, BRA
999 _c1377817
_d1377817